000
00283 a2200133 4500
001
194211
040
_c
Magnum
100
_a
Junqueira, Sonia
240
1
0
_a
Regina e o mágico
_l
por
245
1
0
_a
Regina e o mágico
362
0
_a
2008
697
_a
LITERATURA INFANTIL
942
_c
BK
999
_c
194211
_d
194211